[Event "28th Nezhmetdinov mem"]
[Site "Kazan RUS"]
[Date "2006.06.01"]
[Round "1"]
[White "Beliaev,Va"]
[Black "Gabdrakhmanov,R"]
[Result "0-1"]
[WhiteElo "2162"]
[BlackElo "2414"]

1.e4 c5 2.Nf3 a6 3.Nc3 e6 4.d4 cxd4 5.Nxd4 Qc7 6.Bd3 Nf6 7.O-O Nc6 8.Nxc6 bxc6
9.f4 d5 10.e5 Nd7 11.Qf3 Rb8 12.Kh1 Nc5 13.Qf2 Be7 14.Qg3 g6 15.Nd1 a5 16.Ne3 Qb6
17.Ng4 Ba6 18.Be3 Bxd3 19.cxd3 Qxb2 20.Rab1 Qxb1 21.Rxb1 Rxb1+ 22.Bg1 O-O
23.Nh6+ Kg7 24.f5 Nd7 25.f6+ Nxf6 26.exf6+ Bxf6 27.Qe3 Kh8 28.Ng4 Bg7 29.h3 Ra1
30.Kh2 Rxa2 31.Qc5 e5 32.Qxc6 d4 33.Qd5 Re2 34.Qxa5 f5 35.Nf2 h5 36.Qb6 Kh7
37.h4 Bf6 38.Qb7+ Kh6 39.Qb4 Kg7 40.Qb7+ Rf7 41.Qf3 Re3 42.Qd1 Bxh4 43.Nh1 Re1
44.Qd2 Ra1 45.Ng3 Bxg3+ 46.Kxg3 Rxg1 47.Qa5 f4+ 48.Kf2 Rc1 49.Qxe5+ Kh7 50.Qxd4 Rcc7
51.Qe5 Rce7 52.Qg5 Rd7 53.Ke2 Rf5 54.Qh4 Kh6 55.Qf2 Kg5 56.Qb6 Rfd5 57.Qe6 R7d6
58.Qe7+ Kg4 59.Kf2 Rxd3 60.Qe2+ Kf5  0-1

[Event "28th Nezhmetdinov mem"]
[Site "Kazan RUS"]
[Date "2006.06.02"]
[Round "2"]
[White "Vorobiov,E"]
[Black "Ozolin,M"]
[Result "1-0"]
[WhiteElo "2540"]
[BlackElo "2393"]

1.e4 c5 2.Nf3 e6 3.Nc3 a6 4.d4 cxd4 5.Nxd4 Qc7 6.Bd3 Nf6 7.O-O Nc6 8.Nxc6 bxc6
9.Qe2 Be7 10.e5 Nd5 11.Nxd5 cxd5 12.Re1 d6 13.Qg4 g6 14.Bh6 Rb8 15.exd6 Bxd6
16.c4 Bxh2+ 17.Kh1 Be5 18.cxd5 Bxb2 19.dxe6 fxe6 20.Rxe6+ Bxe6 21.Qxe6+ Qe7
22.Qc6+ Kd8 23.Bg5 Qxg5 24.Qd6+ Ke8 25.Qxb8+  1-0

[Event "Lasker Mem A"]
[Site "Barlinek POL"]
[Date "2006.06.05"]
[Round "3"]
[White "Zezulkin,J"]
[Black "Kachur,A"]
[Result "0-1"]
[WhiteElo "2479"]
[BlackElo "2261"]

1.e4 c5 2.Nc3 e6 3.Nf3 a6 4.d4 cxd4 5.Nxd4 Qc7 6.Bd3 Nf6 7.O-O Nc6 8.Be3 b5
9.Re1 Bb7 10.Nxc6 Qxc6 11.Bd4 Be7 12.a3 O-O 13.Qf3 Ne8 14.Qh3 g6 15.Re3 f6
16.Rae1 Bc5 17.Ne2 Ng7 18.Qh6 Nf5  0-1

[Event "28th Nezhmetdinov mem"]
[Site "Kazan RUS"]
[Date "2006.06.05"]
[Round "5"]
[White "Rodchenkov,S"]
[Black "Baharev,V"]
[Result "1/2-1/2"]
[WhiteElo "2396"]
[BlackElo "2265"]

1.e4 c5 2.Nf3 e6 3.d4 cxd4 4.Nxd4 a6 5.Nc3 Nc6 6.Be2 Qc7 7.O-O Nxd4 8.Qxd4 b5
9.Be3 Ne7 10.Bxb5 Rb8 11.Ba4 Nc6 12.Bxc6 Qxc6 13.Rab1 Rb4 14.Qe5 f6 15.Qg3 Kf7
16.Rfd1 h5 17.h4 Be7 18.Bf4 Rc4 19.Bd6 Bd8 20.Rd3 Ba5 21.b4 Bb6 22.a4 Rh6
23.b5 axb5 24.axb5 Qa8 25.Qf3 Rh8 26.Rbd1 Qb7 27.Ra1 Bd4 28.Ra4 Rxc3 29.Rxc3 Bxc3
30.Qxc3 Qxb5 31.Ra8 Qb7 32.Rb8 Qc6 33.Qxc6 dxc6 34.c4 e5 35.c5 Ke6 36.g3 g5
37.hxg5 fxg5 38.Ra8 Re8 39.Ra7 Bd7 40.Bxe5 Kxe5 41.Rxd7 Re6 42.Kg2 Kxe4 43.Rh7 Kd5  1/2-1/2

[Event "ch-StP"]
[Site "St Petersburg RUS"]
[Date "2006.06.07"]
[Round "5"]
[White "Ivanov,Al3"]
[Black "Solozhenkin,E"]
[Result "0-1"]
[WhiteElo "2375"]
[BlackElo "2508"]

1.e4 c5 2.Nf3 e6 3.d4 cxd4 4.Nxd4 a6 5.Nc3 b5 6.Bd3 Qb6 7.Nb3 Qc7 8.O-O Nf6
9.f4 d6 10.a3 Nbd7 11.Qe1 Bb7 12.Qg3 g6 13.Bd2 Bg7 14.Rae1 O-O 15.Qh4 d5
16.e5 Ne4 17.Bxe4 dxe4 18.Qf2 f6 19.exf6 Nxf6 20.Qc5 Qd7 21.Be3 Bd5 22.Qb4 Bc4
23.Rd1 Qf7 24.Rfe1 Ng4 25.Qc5 Rac8 26.Qa7 Rc7 27.Qb6 Bxc3 28.bxc3 Nxe3 29.Qxe3 Qxf4
30.Nd2 Qxe3+ 31.Rxe3 Rd7  0-1

[Event "VIII Open"]
[Site "Salou ESP"]
[Date "2006.06.09"]
[Round "3"]
[White "Ramos Lor,J"]
[Black "Aloma Vidal,R"]
[Result "0-1"]
[WhiteElo "2064"]
[BlackElo "2352"]

1.e4 c5 2.Nf3 e6 3.d4 cxd4 4.Nxd4 a6 5.Nc3 b5 6.a3 Bb7 7.Bd3 Qc7 8.O-O Nf6
9.Qe2 Bd6 10.Nf3 Ng4 11.h3 Ne5 12.Nxe5 Bxe5 13.f4 Bxc3 14.bxc3 Qxc3 15.Bd2 Qc7
16.f5 Nc6 17.Qg4 Qe5 18.Bg5 h5 19.Qh4 Qd4+ 20.Kh1 Ne5 21.Qg3 h4 22.Bxh4 f6
23.fxe6 g5 24.exd7+ Nxd7 25.Qc7 Rxh4 26.Qxb7 Ra7 27.Qc8+ Ke7 28.Qg8 g4 29.e5 gxh3
30.exf6+ Kd6 31.Qg3+ Kc6 32.gxh3 Nxf6 33.Rae1 Rf7 34.Re6+ Kb7 35.Qf3+ Ka7
36.Rxf6 Rxf6 37.Qxf6 Rxh3+ 38.Kg2 Qg4+ 39.Kf2 Qd7 40.Ke1 Re3+ 41.Kd2 Re7
42.Kc1 Qc7 43.Qf2+ Kb7 44.Bg6 Qd6 45.Qf3+ Ka7 46.Qd3 Qe5 47.Rf7 Rxf7 48.Bxf7 Qf4+
49.Kb2 Qxf7 50.Qe3+ Kb7 51.Qe4+ Kb6 52.Qd4+ Ka5 53.Qb4+ Kb6 54.Qd6+ Kb7 55.Qd4 Qe7
56.Qd5+ Kb6 57.Qd4+ Kc6 58.Qc3+ Kb6 59.Qd4+ Ka5 60.Qc3+ Kb6 61.Qd4+ Qc5 62.Qd8+ Kc6
63.Qa8+ Kb6 64.Qb8+ Ka5 65.Qd8+ Ka4 66.Qh4+ Qc4 67.Qxc4+ bxc4 68.Kc3 Kb5
69.Kd4 a5 70.a4+ Kb4 71.Kd5 c3 72.Kd4 Kxa4 73.Kxc3 Ka3  0-1

[Event "2nd Goran"]
[Site "Bibinje CRO"]
[Date "2006.06.10"]
[Round "3"]
[White "Jakic,I"]
[Black "Rezan,S"]
[Result "1-0"]
[WhiteElo "2352"]
[BlackElo "2419"]

1.e4 c5 2.Nf3 e6 3.d4 cxd4 4.Nxd4 a6 5.Nc3 Qc7 6.Bd3 Bd6 7.h3 Nf6 8.O-O Nc6
9.Nxc6 dxc6 10.f4 e5 11.f5 Bc5+ 12.Kh1 b5 13.a4 Bb7 14.Qf3 O-O-O 15.Be3 Nd7
16.axb5 axb5 17.Na2 Bxe3 18.Qxe3 Qb6 19.Qe2 Nf6 20.b4 Rd4 21.Rab1 Qa7 22.Nc1 Rhd8
23.c3 R4d7 24.Rb2 Qa3 25.Qc2 Nxe4 26.Bxe4 Rd2 27.Qxd2 Rxd2 28.Rxd2 Qxc3 29.Re2 Qxb4
30.Nd3 Qd4 31.f6 gxf6 32.Rxf6 b4 33.Rxf7 Ba6 34.Bf5+ Kd8 35.Ra2 Qc4 36.Rd7+ Ke8
37.Ra5 Kf8 38.Rc5 Qh4 39.Rxc6  1-0

[Event "FSIM June"]
[Site "Budapest HUN"]
[Date "2006.06.10"]
[Round "6"]
[White "Farago,S"]
[Black "Reiss,T"]
[Result "1/2-1/2"]
[WhiteElo "2262"]
[BlackElo "2377"]

1.e4 c5 2.Nf3 e6 3.Nc3 a6 4.d4 cxd4 5.Nxd4 d6 6.Be3 Nf6 7.Be2 Qc7 8.a4 b6
9.O-O Bb7 10.f3 Nbd7 11.Kh1 Be7 12.Qe1 O-O 13.Qg3 Rfe8  1/2-1/2

[Event "TCh-NOR Open"]
[Site "Oslo NOR"]
[Date "2006.06.11"]
[Round "5"]
[White "Agdestein,S"]
[Black "Persson,M1"]
[Result "1-0"]
[WhiteElo "2594"]
[BlackElo "2025"]

1.e4 c5 2.Nf3 e6 3.d4 cxd4 4.Nxd4 a6 5.Nc3 Qc7 6.Bd3 Nc6 7.Nf3 Nf6 8.O-O b5
9.Re1 Bc5 10.h3 d6 11.a4 b4 12.Na2 Rb8 13.Qe2 Qb6 14.Bd2 O-O 15.c3 a5 16.Bb5 Bb7
17.cxb4 axb4 18.Bd3 Rfc8 19.Nc1 d5 20.exd5 exd5 21.Nb3 Re8 22.Qf1 Ne4 23.Nxc5 Qxc5
24.Bf4 Ra8 25.Rac1 Qe7 26.Bb5 Qf6 27.Bh2 Re6 28.Re2 b3 29.Qd1 Na5 30.Nd4 Re7
31.Nxb3 Nc4 32.Qd4 Qg5 33.Rce1 Re6 34.f3 Ned2 35.Nxd2 Nxd2 36.Qf4 Qxf4 37.Bxf4 Nc4
38.Rxe6 fxe6 39.Rxe6 Nxb2 40.Rb6 Bc8 41.Bc6  1-0

[Event "VIII Open"]
[Site "Salou ESP"]
[Date "2006.06.13"]
[Round "7"]
[White "Jorge Bort,E"]
[Black "Aloma Vidal,R"]
[Result "0-1"]
[WhiteElo "2197"]
[BlackElo "2352"]

1.e4 c5 2.Nf3 e6 3.d4 cxd4 4.Nxd4 a6 5.Nc3 b5 6.Bd3 Qb6 7.Nf3 Nc6 8.O-O Qb8
9.Re1 Bb7 10.Be3 Nge7 11.Qd2 Ng6 12.Nd5 Nce5 13.Nxe5 Nxe5 14.Nb6 Ra7 15.f4 Nxd3
16.Qxd3 Bc6 17.a4 Rb7 18.axb5 Bxb5 19.c4 Rxb6 20.cxb5 Rxb5 21.Rxa6 Bc5 22.Bxc5 Rxc5
23.Qd6 Qxd6 24.Rxd6 Rb5 25.Red1 Rb7 26.e5 Ke7 27.R1d2 Rc8 28.g3 Rc1+ 29.Kf2 Rb1
30.Kf3 Rc1 31.Ke3 Rcc7 32.Ke2 g5 33.Kf3 gxf4 34.gxf4 Kf8 35.Ke4 h5 36.R6d4 Ke7
37.R4d3 f6 38.exf6+ Kxf6 39.Rc3 Rxb2 40.Rxc7 Rxd2 41.Ke3 Rd1 42.Ke2 Rd5 43.Rc8 Kf5
44.Ke3 Kg4 45.Rg8+ Kh3 46.Rg5 Rf5 47.Rg7 d5 48.Re7 Rf6 49.Rh7 h4 50.Rh8 Rg6
51.Rh7 Rg1 52.Rh6 Rh1 53.Kf3 Rf1+ 54.Ke3 Kxh2 55.Rxh4+ Kg3 56.Rh6 Re1+ 57.Kd2 Re4
58.Rf6 Kg2 59.f5 e5 60.Re6 Rd4+ 61.Kc3 Rc4+ 62.Kd2 e4 63.f6 Rd4+ 64.Kc3 Rd3+
65.Kc2 Rf3 66.Rd6 e3 67.Rxd5 e2  0-1

[Event "III Muhamedzjanov Mem"]
[Site "Nabereshnye Chelny RUS"]
[Date "2006.06.14"]
[Round "6"]
[White "Khusnutdinov,R"]
[Black "Zubarev,Al1"]
[Result "1-0"]
[WhiteElo "2392"]
[BlackElo "2515"]

1.e4 c5 2.Nf3 e6 3.d4 cxd4 4.Nxd4 a6 5.Nc3 b5 6.Bd3 Bb7 7.O-O Qc7 8.Qe2 Bc5
9.Nb3 Be7 10.e5 b4 11.Nd1 Nc6 12.Bf4 g5 13.Bg3 h5 14.h3 h4 15.Bh2 g4 16.hxg4 h3
17.gxh3 Rxh3 18.f4 a5 19.Be4 Ba6 20.Bd3 Bb7 21.Be4 Ba6 22.Qg2 Bxf1 23.Kxf1 Rh8
24.Ne3 Rc8 25.g5 d5 26.Bd3 a4 27.Nd2 a3 28.bxa3 Bc5 29.Bg1 Qa7 30.Re1 Nge7
31.Nb3 Bb6 32.a4 Kd7 33.Bb5 Kc7 34.f5 Rh4 35.f6 Rf4+ 36.Ke2 Ng6 37.Kd1 Kb8
38.Ng4 Bxg1 39.Rxg1 Nh4 40.Qg3 Nf5 41.Qxf4 Qxg1+ 42.Kd2 Qg2+ 43.Nf2 Qg3 44.Qxg3 Nxg3
45.Bxc6 Rxc6 46.Nd4 Rc4 47.Nb5 Nf5 48.a5 Rc5 49.g6 fxg6 50.Ng4 Rc4 51.f7 Rc8
52.Nf6 Kb7 53.Ne8  1-0

[Event "10th Heraclion Open"]
[Site "Athens GRE"]
[Date "2006.06.16"]
[Round "7"]
[White "Katsouris,G"]
[Black "Draci,R"]
[Result "0-1"]
[WhiteElo "2022"]
[BlackElo "2209"]

1.e4 c5 2.Nf3 e6 3.d4 cxd4 4.Nxd4 a6 5.Nc3 Nc6 6.Be2 Qc7 7.Be3 Nf6 8.O-O b5
9.a3 Be7 10.f4 O-O 11.e5 Ne8 12.Kh1 Bb7 13.Bf3 d6 14.f5 Rd8 15.fxe6 Nxd4
16.exf7+ Rxf7 17.Nd5 Qb8 18.Nxe7+ Rxe7 19.Bxb7 Rxb7 20.Qxd4 dxe5 21.Qg4 Qc8
22.Qg5 Nd6 23.Qxe5 Nc4 24.Qc3 Rc7 25.Bf4 Rc6 26.Qb3 Qd7 27.Qf3 Rf6 28.Rad1 Qc8
29.Qe4 Rdf8 30.Qd5+ Kh8 31.b3 Ne3 32.Bxe3 Rxf1+ 33.Rxf1 Rxf1+ 34.Bg1 h6 35.Qd3 Qf8
36.h3 Qf5 37.Qe2 Ra1 38.Kh2 Ra2 39.Qe8+ Kh7 40.Bb6 Rxc2 41.Qe3 Qg6 42.Qg1 Qe4
43.Bf2 Rc3 44.Qf1 Qf4+ 45.g3 Qe4 46.a4 Rxb3 47.axb5 Rb1 48.Qg2 Qxg2+  0-1

[Event "Open A"]
[Site "Voronezh RUS"]
[Date "2006.06.16"]
[Round "5"]
[White "Tarlev,K"]
[Black "Gritsak,O"]
[Result "1/2-1/2"]
[WhiteElo "2419"]
[BlackElo "2548"]

1.e4 c5 2.Nf3 e6 3.d4 cxd4 4.Nxd4 a6 5.Nc3 Qc7 6.g3 Nf6 7.Bg2 Bb4 8.Ne2 Be7
9.O-O Nc6 10.h3 b5 11.a4 Rb8 12.axb5 axb5 13.Bf4 d6 14.Qd3 Ne5 15.Nxb5 Qc5
16.Bxe5 dxe5 17.c4 O-O 18.Nec3 Rd8 19.Qe2 Bd7 20.Rfb1 Bxb5 21.Nxb5 Qb4 22.Rd1 Bc5
23.Qc2 h5 24.b3 Rxd1+ 25.Qxd1 Bb6 26.Ra4 Qc5 27.Qe2 Rc8 28.Ra6 Rb8 29.Ra4 Rc8
30.Ra6 Rb8 31.Bf1 Qc6 32.Kh2 Qxe4 33.b4 Qxe2 34.Bxe2 Bxf2 35.Ra1 Rd8 36.Kg2 Be3
37.Ra3 Bd2 38.Rb3 e4  1/2-1/2

[Event "Open A"]
[Site "Voronezh RUS"]
[Date "2006.06.19"]
[Round "7"]
[White "Tseshkovsky,V"]
[Black "Iljushin,A"]
[Result "1-0"]
[WhiteElo "2572"]
[BlackElo "2483"]

1.e4 c5 2.Nf3 e6 3.d4 cxd4 4.Nxd4 a6 5.Nc3 b5 6.Bd3 Qb6 7.Nf3 Qc7 8.O-O Bb7
9.Re1 Bc5 10.Be3 Bxe3 11.Rxe3 b4 12.Na4 Nf6 13.c3 Ng4 14.Re1 bxc3 15.Rc1 Nc6
16.Rc2 O-O 17.e5 f5 18.Bf1 Rad8 19.h3 Nh6 20.Ng5 Nf7 21.Nxf7 Rxf7 22.Nc5 a5
23.a3 Ba8 24.Na6 Qb6 25.Qd3 Qb7 26.Qc4 f4 27.Rd1 Rf5  1-0

[Event "20th Open"]
[Site "Pula CRO"]
[Date "2006.06.20"]
[Round "3"]
[White "Sagafos,M"]
[Black "Rigo,Z"]
[Result "0-1"]
[WhiteElo "2271"]
[BlackElo "2402"]

1.e4 c5 2.Nf3 e6 3.d4 cxd4 4.Nxd4 a6 5.Nc3 b5 6.Bd3 d6 7.a4 b4 8.Na2 e5 9.Nb3 Nc6
10.Bc4 Be6 11.Bd5 Rc8 12.O-O Nf6 13.Bg5 Be7 14.Bxf6 Bxf6 15.Qd3 a5 16.Rfd1 Bd7
17.Nd2 O-O 18.Nc4 Nd4 19.c3 bxc3 20.bxc3 Ne6 21.Nxd6 Rb8 22.Nb5 Qb6 23.c4 Be7
24.Nc1 Bc5 25.Ra2 Nf4 26.Qg3 Qh6 27.Nb3 Bb4 28.Nc1 Rb6 29.Qe3 Rg6 30.g3 Bg4
31.Rd3 Rc8 32.Nb3 Nxd3 33.Qxd3 Rf6 34.c5 Bxc5 35.Bb7 Rf8 36.Nxc5 Qc1+ 37.Qf1 Qxc5
38.Qe1 h5 39.h3 Bf3 40.Kh2 Rb8 41.Bd5 Rc8 42.Ra1 Qc2 43.Kg1 Kh7 44.Qxa5 Rg6  0-1

[Event "Open"]
[Site "Teplice CZE"]
[Date "2006.06.20"]
[Round "5"]
[White "Vanek,T"]
[Black "Stross,F"]
[Result "1-0"]
[WhiteElo "2162"]
[BlackElo "2227"]

1.e4 c5 2.Nf3 e6 3.d4 cxd4 4.Nxd4 a6 5.Nc3 b5 6.Be2 Bb7 7.Bf3 Qc7 8.O-O Nc6
9.Nxc6 dxc6 10.e5 Qxe5 11.Re1 Qc7 12.Bh5 Nf6 13.Bg5 Be7 14.Bxf6 Bxf6 15.Rxe6+ Kf8
16.Rd6 Rd8 17.Rxd8+ Bxd8 18.Ne4 Be7 19.Qf3 g6 20.Qc3 Rg8 21.Bf3 c5 22.Nxc5 Bxc5
23.Bxb7 Qb6 24.Qf3 Bd4 25.c3 Bf6 26.Rd1 Kg7 27.g3 Rd8 28.Rxd8 Bxd8 29.Qd5 Bf6
30.Qd7 Be5 31.Bd5 Qc7 32.Qe8 Bf6 33.a3 Qa7 34.Kg2 Qc7 35.h4 h5 36.Kf3 Qe7
37.Qxe7 Bxe7 38.Ke2 a5 39.b4 Kf6 40.Bc6 Ke5 41.Bxb5 f6 42.Be8  1-0

[Event "Open A"]
[Site "Voronezh RUS"]
[Date "2006.06.21"]
[Round "9"]
[White "Tseshkovsky,V"]
[Black "Shaposhnikov,E"]
[Result "0-1"]
[WhiteElo "2572"]
[BlackElo "2538"]

1.e4 c5 2.Nf3 e6 3.d4 cxd4 4.Nxd4 a6 5.Nc3 Qc7 6.g4 Bb4 7.Bd2 Nc6 8.Nxc6 bxc6
9.h4 d5 10.Bg2 Rb8 11.b3 Ne7 12.h5 h6 13.Rh3 d4 14.Ne2 Bxd2+ 15.Qxd2 e5 16.Rh4 c5
17.Ng3 Qd8 18.f3 Be6 19.Rh3 O-O 20.Nf5 Nc6 21.Bf1 a5 22.a4 c4 23.bxc4 Rb2
24.Qc1 Qb6 25.Bd3 Nb4 26.c5 Nxc2+ 27.Bxc2 Qb4+ 28.Kf1 Qxc5 29.Kg1 Rxc2 30.Qf1 Qc3
31.Rd1 Bxf5 32.gxf5 Qe3+  0-1

[Event "Open A"]
[Site "Voronezh RUS"]
[Date "2006.06.21"]
[Round "9"]
[White "Morozov,E"]
[Black "Stepanov,AP"]
[Result "1-0"]
[WhiteElo "2267"]
[BlackElo "2300"]

1.e4 c5 2.Nf3 e6 3.d4 cxd4 4.Nxd4 a6 5.Nc3 Qc7 6.Bd3 b5 7.O-O Bb7 8.Re1 Nc6
9.Nxc6 Qxc6 10.Qg4 Nf6 11.Qg3 b4 12.Nd1 d6 13.a4 g6 14.Bd2 Qc5 15.c3 bxc3
16.Bxc3 Bg7 17.b4 Qc7 18.Qf4 Nh5 19.Qd2 O-O 20.Bxg7 Nxg7 21.Rc1 Qd7 22.Nb2 Bc6
23.Nc4 Rab8 24.a5 f5 25.Nb6 Qe8 26.Bxa6 Bxe4 27.Qxd6 Rd8 28.Qe5 g5 29.f3 Bd3
30.Bxd3 Rxd3 31.Rc8 Qh5 32.Rxf8+ Kxf8 33.a6 Ra3 34.Nd7+  1-0

[Event "Open A"]
[Site "Voronezh RUS"]
[Date "2006.06.21"]
[Round "9"]
[White "Popov,Iv RUS"]
[Black "Gritsak,O"]
[Result "1-0"]
[WhiteElo "2482"]
[BlackElo "2548"]

1.e4 c5 2.Nf3 e6 3.d4 cxd4 4.Nxd4 a6 5.Nc3 d6 6.Be2 Be7 7.O-O Nf6 8.f4 O-O
9.Kh1 Qc7 10.a4 Nc6 11.Be3 Rd8 12.Bd3 Bd7 13.Nf3 Be8 14.Qe2 Rac8 15.h3 Nd7
16.Qf2 Nb4 17.f5 exf5 18.exf5 d5 19.Bd4 Bf6 20.Rae1 Qd6 21.Nh2 Nc5 22.Bxf6 Qxf6
23.Ng4 Qg5 24.Re2 Nbxd3 25.cxd3 d4 26.Ne4 Nxe4 27.Rxe4 Rc1 28.f6 Rxf1+ 29.Qxf1 h5
30.Re5 Qg6 31.Qf4 Qxd3 32.Rxh5 Qg6 33.Rg5 Qb1+ 34.Kh2 g6  1-0

[Event "II Open"]
[Site "Sort ESP"]
[Date "2006.06.26"]
[Round "1"]
[White "Ananos Palacios,Di"]
[Black "Sachdev,T"]
[Result "0-1"]
[WhiteElo "1852"]
[BlackElo "2375"]

1.e4 c5 2.Nf3 e6 3.d4 cxd4 4.Nxd4 a6 5.Nc3 Qc7 6.Be3 Bb4 7.Ne2 Nf6 8.f3 b5
9.g4 h6 10.h4 Nc6 11.Bg2 Na5 12.a3 Nc4 13.axb4 Nxe3 14.Qd2 Qb6 15.Bh3 Bb7
16.Nf4 Nc4 17.Qc1 Qd6 18.Nd3 Bc6 19.Nc5 a5 20.Nd3 axb4 21.Rxa8+ Bxa8 22.Nxb5 Qb6
23.b3 Qxb5 24.bxc4 Qxc4 25.Qb2 Bxe4 26.Qxb4 Qxb4+ 27.Nxb4 Bxf3 28.Rf1 Bxg4
29.Bxg4 Nxg4 30.Rg1 f5 31.c4 Ke7 32.c5 Rb8 33.c6 Rxb4 34.c7 Rc4  0-1

[Event "Midnight Sun"]
[Site "Tromso NOR"]
[Date "2006.06.26"]
[Round "3"]
[White "Bergvoll,M"]
[Black "Hammer,J"]
[Result "0-1"]
[WhiteElo "2024"]
[BlackElo "2287"]

1.e4 c5 2.Nf3 e6 3.d4 cxd4 4.Nxd4 a6 5.Nc3 Qc7 6.Bd3 Nf6 7.O-O Nc6 8.Nb3 b5
9.a3 d6 10.f4 Bb7 11.Be3 Be7 12.Qf3 Nd7 13.Qf2 O-O 14.Rad1 b4 15.Ne2 e5 16.Ng3 bxa3
17.bxa3 exf4 18.Qxf4 g6 19.Nf5 gxf5 20.Qh6 Nde5 21.Rxf5 f6 22.Rdf1 Rf7 23.Be2 Raf8
24.h4 Bc8 25.R5f4 Rg7 26.Qh5 Kh8 27.c3 Be6 28.Nd4 Nxd4 29.cxd4 Qc3 30.Bf2 Rxg2+
31.Kxg2 Qh3+ 32.Kg1 Rg8+  0-1

[Event "White Nights Open"]
[Site "St Petersburg RUS"]
[Date "2006.06.30"]
[Round "8"]
[White "Gershun,D"]
[Black "Kosarev,D"]
[Result "0-1"]
[WhiteElo "2039"]
[BlackElo "2185"]

1.e4 c5 2.Nf3 e6 3.d4 cxd4 4.Nxd4 a6 5.Nc3 d6 6.Be3 b5 7.Qd2 Bb7 8.f3 Nd7
9.O-O-O Ngf6 10.g4 h6 11.Bd3 Nc5 12.h4 g6 13.Nce2 Qc7 14.Kb1 Rd8 15.Qc3 e5
16.Nb3 Be7 17.Ng3 Ne6 18.Qd2 h5 19.g5 Nd7 20.Ne2 O-O 21.f4 exf4 22.Nxf4 Nxf4
23.Bxf4 Rfe8 24.Nd4 Bf8 25.Rhe1 Ne5 26.Qf2 Bg7 27.Ne2 Ng4 28.Qg2 Qc5 29.Ng3 b4
30.Bd2 a5 31.Qf1 Qe5  0-1

[Event "Open"]
[Site "Marseille FRA"]
[Date "2006.07.02"]
[Round "3"]
[White "Hanley,C"]
[Black "Dziuba,M"]
[Result "1/2-1/2"]
[WhiteElo "2418"]
[BlackElo "2502"]

1.e4 c5 2.Nf3 e6 3.d4 cxd4 4.Nxd4 a6 5.Nc3 Qc7 6.Bd3 Bd6 7.Qg4 h5 8.Qe2 Ne7
9.Bd2 Nbc6 10.Nf3 b5 11.O-O Bb7 12.a4 b4 13.Na2 Ng6 14.c3 b3 15.Nc1 Nce5
16.Nxe5 Nxe5 17.f4 Nxd3 18.Nxd3 Qc4 19.e5 Be7 20.Be3 h4 21.h3 f5 22.Rf2 Rc8
23.Qd1 Rh6 24.Ne1 Bd5 25.Nf3 Qe4 26.Qd2 Rc4 27.Re1 Bc6 28.Nd4 Bxa4 29.Qe2 Bb5
30.Nxb5 axb5 31.Qd1 Qc6 32.Qxb3 Re4 33.Qd1 Rxe3 34.Rxe3 Bc5 35.Qf3 Ke7 36.Qxc6 dxc6
37.Rd3 Rh8 38.b4 Bxf2+ 39.Kxf2 Rc8 40.Rd6 c5 41.Rb6 cxb4 42.cxb4 Rc4 43.Rxb5 Rxf4+
44.Ke3 Re4+ 45.Kd3 Kd7 46.Rb7+ Kc6 47.Rxg7 Rxb4 48.Ra7 Re4 49.Ra6+ Kd7 50.Rd6+ Ke7
51.Rd4 Rxe5 52.Rxh4 Kf6 53.Kd2 Ra5 54.Rh6+ Ke5 55.Ke2 Ra2+ 56.Kf3 Ra3+ 57.Kf2 Kd5
58.Rf6 Ke5  1/2-1/2

[Event "II Balazs-Diak Cup U-18"]
[Site "Balatonlelle HUN"]
[Date "2006.07.03"]
[Round "3"]
[White "Boros,De"]
[Black "Fodor,I2"]
[Result "1-0"]
[WhiteElo "2470"]
[BlackElo "2214"]

1.e4 c5 2.Nf3 e6 3.d4 cxd4 4.Nxd4 a6 5.Nc3 Qc7 6.Bd3 Nf6 7.f4 d6 8.Qf3 Nbd7
9.g4 Nc5 10.g5 Nxd3+ 11.cxd3 Nd7 12.Be3 Nc5 13.Rd1 b5 14.b4 Na4 15.Nxa4 bxa4
16.O-O Bb7 17.f5 e5 18.Ne2 d5 19.f6 g6 20.Rc1 Qd7 21.Bc5 h6 22.Qg3 Bd6 23.d4 Bb8
24.Qh4 h5 25.Nc3 dxe4 26.d5 Qg4+ 27.Qxg4 hxg4 28.Rfd1 e3 29.Nxa4 e2 30.Rd2 g3
31.hxg3 e4 32.Nb6 Bxg3 33.Rxe2 Rh4 34.Rc4  1-0

[Event "34th World Open"]
[Site "Philadelphia USA"]
[Date "2006.07.03"]
[Round "7"]
[White "Kudrin,S"]
[Black "Shapiro,D"]
[Result "1-0"]
[WhiteElo "2553"]
[BlackElo "2296"]

1.e4 c5 2.Nf3 e6 3.d4 cxd4 4.Nxd4 a6 5.Nc3 b5 6.Bd3 d6 7.O-O Nf6 8.Qe2 Bb7
9.a4 b4 10.Na2 d5 11.e5 Nfd7 12.Nxe6 Qb6 13.Ng5 h6 14.Nf3 Bc5 15.Bf4 Nf8
16.Nc1 Ne6 17.Bd2 Nc6 18.Nb3 Be7 19.a5 Qc7 20.c3 bxc3 21.bxc3 Ng5 22.Rfe1 Ne4
23.Bxe4 dxe4 24.Qxe4 Nxa5 25.Qa4+ Nc6 26.Nbd4 O-O 27.Nf5 Kh7 28.Bxh6 Bc8
29.Nxe7 Nxe7 30.Bd2 Ng6 31.e6 Bxe6 32.Rxe6 fxe6 33.Ng5+ Kg8 34.Qe4 Qb6 35.Be3  1-0

[Event "XXXII Open"]
[Site "Badalona ESP"]
[Date "2006.07.04"]
[Round "3"]
[White "Fluvia,J"]
[Black "Vehi Bach,V"]
[Result "1-0"]
[WhiteElo "2482"]
[BlackElo "2345"]

1.e4 c5 2.Nf3 e6 3.d4 cxd4 4.Nxd4 a6 5.Nc3 Qc7 6.Be3 b5 7.Qd2 Bb7 8.f3 Nf6
9.g4 h6 10.O-O-O Bb4 11.Kb1 Nc6 12.Nb3 d5 13.exd5 Bxc3 14.Qxc3 Nxd5 15.Rxd5 exd5
16.Qxg7 Qe5 17.Bxh6 O-O-O 18.Bd3 Qxg7 19.Bxg7 Rh3 20.Nd4 Rg8 21.Bf6 Nxd4
22.Bxd4 Rxf3 23.h4 Bc6 24.h5 Rf4 25.c3 Bd7 26.g5 Rf3 27.Bc2 Re8 28.a3 Rf8  1-0

[Event "II Balazs-Diak Cup U-18"]
[Site "Balatonlelle HUN"]
[Date "2006.07.04"]
[Round "4"]
[White "Papp,T1"]
[Black "Balog,M"]
[Result "1/2-1/2"]
[WhiteElo "2263"]
[BlackElo "2225"]

1.e4 c5 2.Nf3 e6 3.d4 cxd4 4.Nxd4 a6 5.Nc3 Qc7 6.g3 Bb4 7.Ne2 Nf6 8.Bg2 Be7
9.O-O O-O 10.Kh1 Nc6 11.f4 d6 12.f5 b5 13.a3 Re8 14.Nf4 Ne5 15.fxe6 fxe6
16.Qe2 Bf8 17.Nd3 Nfd7 18.Bg5 g6 19.Rf2 Bg7 20.Raf1 Bb7 21.Nd1 h6 22.Be3  1/2-1/2

[Event "XXXII Open"]
[Site "Badalona ESP"]
[Date "2006.07.05"]
[Round "4"]
[White "Ramesh,R"]
[Black "Caruana,F"]
[Result "0-1"]
[WhiteElo "2490"]
[BlackElo "2444"]

1.e4 c5 2.Nf3 e6 3.d4 cxd4 4.Nxd4 a6 5.Nc3 Qc7 6.Bd3 Bc5 7.Nb3 Be7 8.O-O d6
9.a4 b6 10.f4 Bb7 11.Qg4 g6 12.f5 Nf6 13.Qe2 gxf5 14.Bg5 Rg8 15.Bxf6 Bxf6
16.Rf2 Bh4 17.g3 f4 18.Rxf4 Bg5 19.Rf2 Nd7 20.e5 Nxe5 21.Bxh7 Ke7 22.Re1 f5
23.Nd4 Qc5 24.Nxe6 Qc6 25.Ne4 Qxe4 26.Qxe4 Bxe4 27.Bxg8 Rxg8 28.Nxg5 Rxg5
29.Ree2 d5 30.Rf4 Kd6 31.Kf1 d4 32.Rd2 Kd5 33.b3 b5 34.axb5 axb5 35.Ke2 b4
36.Kd1 Rg7 37.Kc1 Rc7 38.Kb2 Rc3 39.Rf1 d3 40.h3 Kd4 41.cxd3 Nxd3+ 42.Ka2 Ke3
43.Rh2 Nc1+ 44.Kb2 Rxb3+  0-1

[Event "35th TCh-GRE"]
[Site "Ermioni GRE"]
[Date "2006.07.05"]
[Round "3"]
[White "Papathanasiou,P"]
[Black "Sandalakis,A"]
[Result "0-1"]
[WhiteElo "2169"]
[BlackElo "2220"]

1.e4 c5 2.Nc3 e6 3.Nf3 a6 4.d4 cxd4 5.Nxd4 Qc7 6.Bd3 Nf6 7.O-O Be7 8.Qe2 d6
9.Kh1 Nbd7 10.f4 O-O 11.Nb3 b5 12.a3 Bb7 13.Bd2 e5 14.Rae1 Rac8 15.Qf3 exf4
16.Bxf4 Ne5 17.Qd1 Rfe8 18.Nd4 Bf8 19.Bg5 Nfd7 20.Nf5 Nc5 21.Re3 Ne6 22.Bh4 f6
23.Ree1 Bc6 24.Ne3 Ng6 25.Bg3 Qd8 26.Ncd5 Nc5 27.Ng4 Bxd5 28.exd5 Nxd3 29.Qxd3 Rxe1
30.Rxe1 Ne5 31.Nxe5 dxe5 32.Bf2 Qc7 33.Qf5 Qxc2 34.Qe6+ Kh8 35.Bg3 Rd8 36.Bh4 Qc8
37.Qc6 Qxc6 38.dxc6 Bd6 39.Rc1 Bc7 40.Be1 Kg8 41.Kg1 Kf7 42.Kf2 Ke6 43.a4 bxa4
44.Bb4 Rb8 45.Ba3 f5 46.h3 Rd8 47.Ke2 g6 48.Rc2 a5 49.Rc1 Rc8 50.Rd1 Bb8
51.Rc1 Ba7 52.c7 Kd7 53.Rd1+ Kxc7 54.Bd6+ Kb7 55.Bxe5 Re8 56.Rd5 Kc6 57.Rxa5 Bb6  0-1

[Event "Open"]
[Site "Marseille FRA"]
[Date "2006.07.06"]
[Round "8"]
[White "Senff,M"]
[Black "Marzolo,C"]
[Result "0-1"]
[WhiteElo "2476"]
[BlackElo "2414"]

1.e4 c5 2.Nf3 e6 3.d4 cxd4 4.Nxd4 a6 5.Nc3 Qc7 6.Bd3 Nf6 7.f4 d6 8.Qe2 Nbd7
9.Bd2 g6 10.O-O-O Bg7 11.Nf3 O-O 12.Kb1 Rb8 13.e5 dxe5 14.fxe5 Nd5 15.Nxd5 exd5
16.e6 Qb6 17.exf7+ Rxf7 18.Bc1 Nc5 19.Ng5 Rf8 20.Rhf1 Bd7 21.Qe7 Nxd3 22.Rf7 Rxf7
23.Qxf7+ Kh8 24.Rxd3 Bf5 25.Qxd5 h6 26.Nf7+ Kh7 27.Rf3 Re8 28.Nxh6 Rd8 29.Qf7 Be6
30.Rf6 Bxf7 31.Rxb6 Bxh6 32.Rxb7 Rd1  0-1

[Event "XXIV Andorra Open"]
[Site "Andorra la Vella AND"]
[Date "2006.07.08"]
[Round "1"]
[White "Vila Gazquez,Ja"]
[Black "Delchev,A"]
[Result "1/2-1/2"]
[WhiteElo "2325"]
[BlackElo "2640"]

1.e4 c5 2.Nf3 e6 3.d4 cxd4 4.Nxd4 a6 5.Nc3 b5 6.Bd3 d6 7.O-O Nf6 8.a3 Bb7
9.f4 Be7 10.Be3 Nbd7 11.Qf3 Nc5 12.b4 Nxd3 13.cxd3 Rc8 14.Rac1 O-O 15.g4 Re8
16.g5 Nd7 17.h4 Bf8 18.Nb3 f5 19.Qf2 Qe7 20.Na5 Ba8 21.exf5 exf5 22.Qa2+ Qf7
23.Qxf7+ Kxf7 24.Kf2 g6 25.Nb3 Nb8 26.Bd4 Be7 27.Na5 Nd7 28.Nb3 Nf8 29.Be3 h6
30.Ne2 Bd5 31.Nbd4 Nd7 32.Rxc8 Rxc8 33.Rc1 Rxc1 34.Nxc1 hxg5 35.hxg5 Bd8
36.Nce2 Nb6 37.Nc3 Bb7 38.Nf3 Na4 39.Ne2 Bb6 40.Bxb6 Nxb6  1/2-1/2

[Event "Open"]
[Site "Kavala GRE"]
[Date "2006.07.08"]
[Round "6"]
[White "Atakisi,U"]
[Black "Marjanovic,Slavo"]
[Result "0-1"]
[WhiteElo "2406"]
[BlackElo "2494"]

1.e4 c5 2.Nf3 e6 3.d4 cxd4 4.Nxd4 a6 5.Nc3 d6 6.g4 h6 7.Bg2 Ne7 8.O-O g5
9.f4 gxf4 10.Bxf4 Ng6 11.Bg3 Nd7 12.Nf3 Be7 13.e5 dxe5 14.Kh1 h5 15.gxh5 Rxh5
16.Nxe5 Rxe5 17.Bxe5 Ndxe5 18.Qh5 Qc7 19.Be4 Bd7 20.Rxf7 Nxf7 21.Qxg6 Qf4
22.Bxb7 Rb8 23.Bg2 Bd6 24.Qh7 Qh6 25.Qxh6 Nxh6 26.Rd1 Be5 27.Nd5 Ng4 28.Re1 exd5
29.Bxd5 Ke7 30.h3 Kd6  0-1

[Event "II Balazs-Diak Cup U-18"]
[Site "Balatonlelle HUN"]
[Date "2006.07.09"]
[Round "9"]
[White "Boros,De"]
[Black "Balog,M"]
[Result "1-0"]
[WhiteElo "2470"]
[BlackElo "2225"]

1.e4 c5 2.Nf3 e6 3.d4 cxd4 4.Nxd4 a6 5.Nc3 Qc7 6.Bd3 Nf6 7.Qe2 Bd6 8.Nf3 Nc6
9.h3 h6 10.Bd2 Rb8 11.O-O O-O 12.Rae1 e5 13.Nd5 Nxd5 14.exd5 Ne7 15.Nxe5 Nxd5
16.Ng4 Ne7 17.Nxh6+ gxh6 18.Qg4+ Kh8 19.Bc3+ f6 20.Rxe7  1-0